000
00240nam a2200097Ia 4500
008
230915s9999 xx 000 0 und d
050
_a
TS 155 .A2G87 2000
100
_a
GUPTA,C.B
245
0
_a
OPERATIONS MANAGEMENT AND CONTROL
942
_c
BK
999
_c
205685
_d
205685